| 000 | 01418cam a22002055a 4500 | ||
|---|---|---|---|
| 001 | L155379 | ||
| 008 | 120320s1772 xxk f 000 0 eng d | ||
| 035 | _a(Sirsi) u155379 | ||
| 041 | 0 | _aeng | |
| 100 | 1 |
_aYoung, Arthur _d1741-1820 |
|
| 245 | 0 | 2 |
_aA six weeks tour, through the southern counties of England and Wales _bDescribing, particularly, I. The present state of agriculture and manufactures. II. The different Methods of cultivating the Soil. III. The Success attending some late Experiments on various Grasses, &c. IV. The Prices of Labour and Provisions. V. The state of the working poor in those Counties, wherein the Riots were most remarkable. With descriptions and copper-plates, of such newly invented Implements of Husbandry as deserve to be generally known: interspersed With Accounts of the Seats of the Nobility and Gentry, and other Objects worthy of Notice. By the author of the Farmer's letters |
| 250 | _aThe third edition, corrected and enlarged | ||
| 260 |
_aLondon _bprinted for W. Strahan; W. Nicoll, No. 51, in St. Paul's Church-Yard; T. Cadell, in the Strand; B. Collins, at Salisbury; and J. Balfour, at Edinburgh _cMDCCLXXII. [1772] |
||
| 300 |
_axii, 438, [30] p., plates _c8o |
||
| 520 | _aThe author of The farmer's letters = Arthur Young. | ||
| 583 |
_aCondition reviewed _c20120620 _lcondition level 2 |
||
| 651 | 4 |
_aGreat Britain _y1707- |
|
| 690 |
_aRural _96268 |
||
| 942 | _n0 | ||
| 999 |
_c113522 _d113522 |
||